[Event "POL-chT 2nd League"]
[Site "Jastrzebia Gora"]
[Date "2016.09.09"]
[Round "7.100"]
[White "Pelowski, Zdzislaw"]
[Black "Zurawski, Kamil"]
[Result "0-1"]
[WhiteElo "1761"]
[BlackElo "1648"]
[PlyCount "120"]
[EventDate "2016.09.03"]
[EventType "team-swiss"]
[EventRounds "9"]
[EventCountry "POL"]
[SourceTitle "EXT 2017"]
[Source "ChessBase"]
[SourceDate "2016.10.25"]
[SourceVersion "1"]
[SourceVersionDate "2016.10.25"]
[SourceQuality "1"]
[WhiteTeam "Lipusz WDA"]
[BlackTeam "Gniezno LKS Chrobry II"]
[WhiteTeamCountry "POL"]
[BlackTeamCountry "POL"]

1. d4 e6 2. c4 f5 3. Nf3 Nf6 4. Nc3 Be7 5. Bg5 0-0 6. e3 b6 7. Be2 Bb7 8. 0-0 d6 9. b4 Ne4 10. Bxe7 Qxe7 11. Qb3 Nxc3 12. Qxc3 Nd7 13. Rac1 Nf6 14. Rfd1 Ne4 15. Qb3 Rf6 16. c5 Rg6 17. c6 Bc8 18. g3 Kh8 19. Kg2 h5 20. h4 Qf6 21. Rh1 a5 22. b5 e5 23. dxe5 dxe5 24. Ng5 Be6 25. Nxe6 Qxe6 26. Qxe6 Rxe6 27. Bxh5 Rd8 28. Bf3 Nd2 29. Rhd1 Red6 30. Be2 Kg8 31. Rc2 Kf8 32. g4 f4 33. exf4 exf4 34. Rh1 Re8 35. Bc4 Re4 36. Rhc1 f3+ 37. Kg3 Rdd4 38. Rxd2 Rxd2 39. Kxf3 Rdd4 40. Be2 Rxg4 41. h5 Ke7 42. Rc3 Kf6 43. Bd3 Rh4 44. Ke3 Ra4 45. Bg6 Rhd4 46. a3 Rac4 47. Rb3 Rd5 48. Bd3 Re5+ 49. Kf3 Rh4 50. Kg3 Rhxh5 51. f3 Rd5 52. Kg4 Rhe5 53. Bf1 Rd4+ 54. Kg3 g6 55. Bh3 a4 56. Rb2 Re3 57. Kf2 Rdd3 58. Bg4 Rxa3 59. Rb4 Ke5 60. Rc4 g5 0-1

[Event "POL-chT 2nd League"]
[Site "Jastrzebia Gora"]
[Date "2016.09.08"]
[Round "6.95"]
[White "Pelowski, Zdzislaw"]
[Black "Krupa, Jerzy"]
[Result "0-1"]
[WhiteElo "1761"]
[BlackElo "1817"]
[PlyCount "56"]
[EventDate "2016.09.03"]
[EventType "team-swiss"]
[EventRounds "9"]
[EventCountry "POL"]
[SourceTitle "EXT 2017"]
[Source "ChessBase"]
[SourceDate "2016.10.25"]
[SourceVersion "1"]
[SourceVersionDate "2016.10.25"]
[SourceQuality "1"]
[WhiteTeam "Lipusz WDA"]
[BlackTeam "Wroclaw AZS Politechnika"]
[WhiteTeamCountry "POL"]
[BlackTeamCountry "POL"]

1. c4 c5 2. Nc3 Nc6 3. g3 g6 4. Bg2 Bg7 5. Qb3 Nf6 6. Nf3 0-0 7. 0-0 d6 8. d3 Rb8 9. Bg5 h6 10. Bxf6 Bxf6 11. e3 Be6 12. Nd2 Qd7 13. Nd5 Bg7 14. Nf4 Bf5 15. a3 a6 16. Bd5 e5 17. Ne2 b5 18. Qc2 Rfe8 19. Nc3 b4 20. Ne2 bxa3 21. bxa3 e4 22. dxe4 Bh3 23. Qa4 Nd4 24. Qxd7 Nxe2+ 25. Kh1 Bxd7 26. Rae1 Nc3 27. f4 Rb2 28. f5 Nxd5 0-1

[Event "POL-chT 2nd League"]
[Site "Jastrzebia Gora"]
[Date "2016.09.05"]
[Round "3.77"]
[White "Orlowski, Miroslaw"]
[Black "Pelowski, Zdzislaw"]
[Result "0-1"]
[WhiteElo "1437"]
[BlackElo "1761"]
[PlyCount "104"]
[EventDate "2016.09.03"]
[EventType "team-swiss"]
[EventRounds "9"]
[EventCountry "POL"]
[SourceTitle "EXT 2017"]
[Source "ChessBase"]
[SourceDate "2016.10.25"]
[SourceVersion "1"]
[SourceVersionDate "2016.10.25"]
[SourceQuality "1"]
[WhiteTeam "Ostroda Ostrodzianka"]
[BlackTeam "Lipusz WDA"]
[WhiteTeamCountry "POL"]
[BlackTeamCountry "POL"]

1. e4 c6 2. Nf3 d5 3. exd5 cxd5 4. d4 Nc6 5. Nc3 Bg4 6. Be2 e6 7. a3 Nf6 8. Be3 Qb6 9. b4 Rc8 10. Na4 Qc7 11. Rc1 Bd6 12. h3 Bh5 13. 0-0 0-0 14. c4 dxc4 15. Bxc4 Qe7 16. Nc5 b6 17. Nd3 Rfd8 18. Nde1 Bb8 19. Qb3 Qb7 20. Bd3 Nd5 21. Qb1 Bg6 22. Bxg6 hxg6 23. Qe4 Nce7 24. Rxc8 Rxc8 25. Nd3 Qa6 26. Nde5 Qxa3 27. b5 Qd6 28. Nd2 f6 29. Nef3 g5 30. Qg4 f5 31. Qxg5 f4 32. Ne4 Qd8 33. Bd2 Nf5 34. Re1 Qxg5 35. Nexg5 Nc7 36. Bxf4 Nxb5 37. Bxb8 Rxb8 38. Nxe6 Re8 39. d5 Nc3 40. Re5 Nd6 41. Nfd4 a5 42. f4 a4 43. Nc7 Rd8 44. Re3 Nde4 45. Ndb5 Nxb5 46. Nxb5 Nd6 47. Nc7 b5 48. Kf1 b4 49. Na6 b3 50. Nc5 b2 51. Re1 a3 52. Na4 Ra8 0-1

[Event "Tatry op"]
[Site "Tatranske Zruby"]
[Date "2015.10.01"]
[Round "7"]
[White "Pelowski, Zdzislaw"]
[Black "Skreno, Vladimir"]
[Result "1/2-1/2"]
[WhiteElo "1755"]
[BlackElo "2238"]
[PlyCount "213"]
[EventDate "2015.09.26"]
[EventType "swiss"]
[EventRounds "9"]
[EventCountry "SVK"]
[SourceTitle "CBM 168 Extra"]
[Source "ChessBase"]
[SourceDate "2015.10.29"]
[SourceVersion "1"]
[SourceVersionDate "2015.10.29"]
[SourceQuality "1"]

1. d4 Nf6 2. c4 g6 3. Nc3 Bg7 4. Nf3 d6 5. Bg5 h6 6. Bxf6 Bxf6 7. e3 c6 8. Bd3 Nd7 9. Qc2 Nf8 10. h3 Qc7 11. d5 Bd7 12. Rc1 c5 13. 0-0 g5 14. Ne4 Bg7 15. Ng3 Qc8 16. Nh5 Bf6 17. Kh2 Rg8 18. Nxf6+ exf6 19. Nd2 f5 20. f4 g4 21. g3 gxh3 22. Kxh3 Nh7 23. Nf3 Nf6 24. Nh4 Ne4 25. Rf3 Qd8 26. Ng2 Qf6 27. Kh2 Qg6 28. Nh4 Qg4 29. Qg2 0-0-0 30. Qh3 Qh5 31. Be2 Qg4 32. Rc2 Rg7 33. Bd1 Qxh3+ 34. Kxh3 Ng5+ 35. fxg5 hxg5 36. Nxf5 g4+ 37. Kh2 Rh7+ 38. Nh4 gxf3 39. Bxf3 Rg8 40. Rg2 Rhg7 41. Be4 Kc7 42. Bc2 b5 43. cxb5 Bxb5 44. b3 Bd7 45. e4 Kd8 46. Bd3 Ke7 47. Bc2 a5 48. Bd3 Rg4 49. Bc2 Rh8 50. Kg1 Rhg8 51. Kh2 Ra8 52. a4 Rb8 53. Re2 Rb4 54. Re3 c4 55. bxc4 Rxc4 56. Re2 Rg8 57. Bd3 Rxa4 58. Ng2 Ra1 59. Rb2 Rh8+ 60. Nh4 Kf6 61. Kg2 Bg4 62. Kf2 Ke5 63. Ke3 a4 64. Rf2 Re1+ 65. Kd2 Rd1+ 66. Ke3 Rh7 67. Be2 Re1 68. Nf3+ Bxf3 69. Rxf3 Rxe2+ 70. Kxe2 Kxe4 71. Rf4+ Kxd5 72. Rxa4 Ke5 73. Ke3 f5 74. Ra5+ d5 75. Ra8 Re7 76. Ra6 Rg7 77. Kf3 Rb7 78. Ra3 Rb4 79. Ke3 Rc4 80. Ke2 Rc6 81. Kd3 Rg6 82. Ke2 Rb6 83. Kd3 Rb2 84. Ke3 Rc2 85. Kf3 Rc5 86. Re3+ Kd4 87. Kf4 Rc3 88. Re8 Kc4 89. Rg8 d4 90. Kxf5 Rf3+ 91. Ke4 Re3+ 92. Kf4 Re7 93. Rd8 Rf7+ 94. Ke4 Re7+ 95. Kf5 d3 96. g4 Kc3 97. Kf6 Re1 98. g5 Rf1+ 99. Ke7 d2 100. g6 Re1+ 101. Kf7 d1Q 102. Rxd1 Rxd1 103. g7 Rd7+ 104. Kf8 Rd8+ 105. Kf7 Kd4 106. g8Q Rxg8 107. Kxg8 1/2-1/2

[Event "Tatry op"]
[Site "Tatranske Zruby"]
[Date "2013.10.01"]
[Round "4"]
[White "Pelowski, Zdzislaw"]
[Black "Skapikova, Lubica"]
[Result "1-0"]
[WhiteElo "1710"]
[BlackElo "1893"]
[PlyCount "87"]
[EventDate "2013.09.29"]
[EventType "swiss"]
[EventRounds "9"]
[EventCountry "SVK"]
[SourceTitle "EXT 2023"]
[Source "ChessBase"]
[SourceDate "2022.10.05"]
[SourceVersion "1"]
[SourceVersionDate "2022.10.05"]
[SourceQuality "1"]

1. e4 e5 2. Nf3 Nc6 3. Bc4 Bc5 4. 0-0 Nf6 5. d3 h6 6. c3 0-0 7. h3 d6 8. Re1 Qe7 9. d4 Bb6 10. d5 Nd8 11. b4 c6 12. Be3 cxd5 13. Bxd5 Bxe3 14. Rxe3 Nxd5 15. Qxd5 Be6 16. Qd2 f6 17. Nh4 Kh7 18. Na3 g5 19. Nf5 Bxf5 20. exf5 Nf7 21. Rd1 Rfd8 22. c4 Rac8 23. Qe2 d5 24. cxd5 Qxb4 25. Qh5 Qe7 26. Nb5 Nh8 27. Nc3 Qd7 28. Qg4 Kg7 29. h4 Ng6 30. hxg5 hxg5 31. Qe4 Ne7 32. g4 Rh8 33. d6 Nc6 34. Ne2 Qf7 35. Ng3 Nd4 36. Nh5+ Kf8 37. Rxd4 exd4 38. Qxd4 Rc4 39. Qd1 Rc5 40. Re6 Rxh5 41. gxh5 Qd7 42. Rxf6+ Kg8 43. Qb3+ Kg7 44. Rg6+ 1-0

[Event "POL-chT3 Pomorskie"]
[Site "Poland"]
[Date "2013.06.09"]
[Round "9.11"]
[White "Belczewski, Jacek"]
[Black "Pelowski, Zdzislaw"]
[Result "1-0"]
[WhiteElo "1610"]
[BlackElo "1723"]
[PlyCount "110"]
[EventDate "2013.01.13"]
[EventType "team-tourn"]
[EventRounds "9"]
[EventCountry "POL"]
[SourceTitle "EXT 2019"]
[Source "ChessBase"]
[SourceDate "2018.10.10"]
[SourceVersion "1"]
[SourceVersionDate "2018.10.10"]
[SourceQuality "1"]
[WhiteTeam "Tzcew Skoczek"]
[BlackTeam "Lipusz WDA"]
[WhiteTeamCountry "POL"]
[BlackTeamCountry "POL"]

1. d4 d5 2. Nf3 Nf6 3. c4 c6 4. Nc3 g6 5. Bf4 Bg7 6. e3 0-0 7. cxd5 Nxd5 8. Nxd5 cxd5 9. Bd3 Qa5+ 10. Qd2 Qxd2+ 11. Kxd2 Nc6 12. Bb5 Bd7 13. Rac1 Rac8 14. Ne1 a6 15. Bxc6 Bxc6 16. Nd3 Rfe8 17. Nb4 Bf8 18. Nxc6 Rxc6 19. Rxc6 bxc6 20. Rc1 Rc8 21. Kd3 e6 22. Rc3 Be7 23. Rb3 g5 24. Bg3 h5 25. Rb7 Bd8 26. Bd6 Kg7 27. Kc3 a5 28. b4 Ra8 29. b5 cxb5 30. Rxb5 Kf6 31. f3 Rc8+ 32. Bc5 Bc7 33. h3 g4 34. e4 gxh3 35. gxh3 Rg8 36. Rb7 Rc8 37. Kd3 Kg5 38. Be7+ Kg6 39. exd5 exd5 40. Rb5 Re8 41. Bh4 Bf4 42. Bf2 h4 43. Rxd5 Bg3 44. Be3 Ra8 45. a4 Ra6 46. Bd2 Bc7 47. Rg5+ Kf6 48. Rh5 Ra8 49. Rxh4 Rb8 50. Rh6+ Ke7 51. Rc6 Bd6 52. Rxd6 Rb3+ 53. Kc2 Rxf3 54. Ra6 Rxh3 55. Rxa5 Ke6 1-0

[Event "POL-chT3 Pomorskie"]
[Site "Poland"]
[Date "2013.05.12"]
[Round "8.15"]
[White "Pelowski, Zdzislaw"]
[Black "Wojszkun, Tadeusz"]
[Result "1-0"]
[WhiteElo "1723"]
[BlackElo "1736"]
[PlyCount "95"]
[EventDate "2013.01.13"]
[EventType "team-tourn"]
[EventRounds "9"]
[EventCountry "POL"]
[SourceTitle "EXT 2019"]
[Source "ChessBase"]
[SourceDate "2018.10.10"]
[SourceVersion "1"]
[SourceVersionDate "2018.10.10"]
[SourceQuality "1"]
[WhiteTeam "Lipusz WDA"]
[BlackTeam "Sztum"]
[WhiteTeamCountry "POL"]
[BlackTeamCountry "POL"]

1. c4 e5 2. Nc3 Nf6 3. d3 g6 4. Nf3 Nc6 5. Bg5 d6 6. g3 Bg7 7. Bg2 h6 8. Bxf6 Bxf6 9. Nd5 Bg7 10. 0-0 0-0 11. Rb1 Bg4 12. e3 Qd7 13. Qa4 Rfe8 14. Rfe1 Rac8 15. Nd2 Bh3 16. Ne4 Qf5 17. Bxh3 Qxh3 18. Nef6+ Bxf6 19. Nxf6+ Kf8 20. Nxe8 Kxe8 21. d4 Kf8 22. Qb5 Rb8 23. Qd5 Qg4 24. Qg2 Qf5 25. b4 Qc2 26. b5 Ne7 27. Qh3 h5 28. Rec1 Qe4 29. c5 Kg7 30. cxd6 cxd6 31. Qg2 Qd3 32. Rb3 Qf5 33. Rc7 Qe6 34. dxe5 dxe5 35. Rd3 Rc8 36. Qxb7 Rxc7 37. Qxc7 Nf5 38. Qxa7 Qc4 39. Rd7 h4 40. Qc7 Qe6 41. b6 h3 42. Rxf7+ Kh6 43. Rh7+ Kg5 44. Qd8+ Kg4 45. Qd1+ Kg5 46. f4+ exf4 47. exf4+ Kf6 48. Qa1+ 1-0

[Event "POL-chT3 Pomorskie"]
[Site "Poland"]
[Date "2013.02.03"]
[Round "3.7"]
[White "Pelowski, Zdzislaw"]
[Black "Zaleski, Lukasz"]
[Result "0-1"]
[WhiteElo "1723"]
[BlackElo "1767"]
[PlyCount "83"]
[EventDate "2013.01.13"]
[EventType "team-tourn"]
[EventRounds "9"]
[EventCountry "POL"]
[SourceTitle "EXT 2019"]
[Source "ChessBase"]
[SourceDate "2018.10.10"]
[SourceVersion "1"]
[SourceVersionDate "2018.10.10"]
[SourceQuality "1"]
[WhiteTeam "Lipusz WDA"]
[BlackTeam "Kolbudy UKS Zawisza"]
[WhiteTeamCountry "POL"]
[BlackTeamCountry "POL"]

1. d4 Nf6 2. c4 e6 3. Nc3 Bb4 4. Bd2 Bxc3 5. Bxc3 Ne4 6. Rc1 0-0 7. Nf3 b6 8. e3 Bb7 9. Bd3 f5 10. 0-0 d6 11. b4 Nd7 12. Bb2 a5 13. a3 axb4 14. axb4 Qe7 15. Qb3 Ng5 16. Nxg5 Qxg5 17. d5 f4 18. exf4 Rxf4 19. Rce1 Rg4 20. g3 exd5 21. Bc1 Qh5 22. f3 Rd4 23. Bb2 dxc4 24. Bxc4+ Rxc4 25. Qxc4+ Qf7 26. Qxc7 Ba6 27. Rf2 Re8 28. Rxe8+ Qxe8 29. Qxd6 h6 30. Qd5+ Kh8 31. b5 Bc8 32. Qc6 Kh7 33. Kg2 Qf8 34. Rc2 Nc5 35. g4 Bb7 36. Bxg7 Qxg7 37. Qxb6 Qxg4+ 38. Kf2 Qxf3+ 39. Ke1 Qe3+ 40. Kf1 Qh3+ 41. Ke2 Qd3+ 42. Ke1 0-1

[Event "Tatry op"]
[Site "Tatranske Zruby"]
[Date "2012.09.29"]
[Round "8"]
[White "Pelowski, Zdzislaw"]
[Black "Krutina, Miroslav"]
[Result "0-1"]
[WhiteElo "1646"]
[BlackElo "1997"]
[PlyCount "100"]
[EventDate "2012.09.23"]
[EventType "swiss"]
[EventRounds "9"]
[EventCountry "SVK"]
[SourceTitle "CBM 150 Extra"]
[Source "ChessBase"]
[SourceDate "2012.10.19"]
[SourceVersion "1"]
[SourceVersionDate "2012.10.19"]
[SourceQuality "1"]

1. c4 Nf6 2. Nf3 g6 3. d4 Bg7 4. Nc3 d5 5. Bg5 c6 6. cxd5 cxd5 7. e3 0-0 8. Be2 Nc6 9. 0-0 Be6 10. Bxf6 Bxf6 11. Rc1 Na5 12. Na4 b6 13. Nd2 Bd7 14. Nc3 e6 15. b4 Nb7 16. a4 Qe7 17. Qb3 Nd6 18. b5 Nb7 19. Na2 Na5 20. Qb2 Rfc8 21. Rxc8+ Rxc8 22. Rc1 Rxc1+ 23. Qxc1 Qd6 24. Nf3 Bd8 25. Ne5 Bc7 26. g3 Be8 27. Ng4 Bd8 28. Qc8 Kg7 29. Nc1 Qc7 30. Qxc7 Bxc7 31. f4 f6 32. Bf3 Nc4 33. e4 Nd2 34. Kf2 Nxe4+ 35. Bxe4 dxe4 36. Ne2 Bd7 37. Ne3 Bc8 38. Nc3 Bb7 39. Nc2 Bd6 40. Ke3 f5 41. Kd2 Kf6 42. Ne3 h6 43. Nc4 Bc7 44. Na2 Bd5 45. Kc3 g5 46. fxg5+ hxg5 47. Nb4 f4 48. g4 Bxc4 49. Kxc4 f3 50. Nc2 Bf4 0-1

[Event "Tatry op"]
[Site "Tatranske Zruby"]
[Date "2012.09.23"]
[Round "1"]
[White "Chrenko, Peter"]
[Black "Pelowski, Zdzislaw"]
[Result "1-0"]
[WhiteElo "1828"]
[BlackElo "1646"]
[PlyCount "97"]
[EventDate "2012.09.23"]
[EventType "swiss"]
[EventRounds "9"]
[EventCountry "SVK"]
[SourceTitle "EXT 2023"]
[Source "ChessBase"]
[SourceDate "2022.10.05"]
[SourceVersion "1"]
[SourceVersionDate "2022.10.05"]
[SourceQuality "1"]

1. Nf3 c6 2. g3 d5 3. Bg2 Nf6 4. 0-0 g6 5. d3 Bg4 6. h3 Bxf3 7. Bxf3 Bg7 8. c3 Nbd7 9. Nd2 0-0 10. Bg2 Re8 11. e4 dxe4 12. Nxe4 Nxe4 13. dxe4 Qc7 14. Qc2 Rad8 15. Bf4 Be5 16. Be3 Nb6 17. Qb3 c5 18. a4 Rd3 19. a5 Nd7 20. Qc4 Rd6 21. f4 Bg7 22. e5 Ra6 23. Qb5 Rb8 24. Rfd1 Nf8 25. Qxc5 Qxc5 26. Bxc5 g5 27. Bxe7 gxf4 28. Bd6 Rxd6 29. exd6 fxg3 30. Rd3 Be5 31. Re1 f6 32. c4 Ne6 33. Bd5 Kf7 34. Rxg3 Bxg3 35. Rxe6 Kg6 36. c5 Be5 37. Be4+ Kg5 38. b4 Bd4+ 39. Kf1 f5 40. Bg2 Bc3 41. Bxb7 Rxb7 42. c6 Rxb4 43. c7 Kf4 44. c8Q Bd2 45. Qc2 Rd4 46. Ke2 Bxa5 47. Qc1+ Kg3 48. Qg1+ Kxh3 49. Qxd4 1-0